000 00416cam a2200181 4500
001 D12592
008 090401t1911 xxu||||| |||| 00| 0 eng d
035 _a(Sirsi) u4508
041 _aeng
100 _aDavies, Clement E.
245 3 _aAn epitome of agricultural law
260 _bEstates Gazette
_c1911
350 _a0
520 _aShelf 114
700 _aEvans, Ernest
942 _n0
948 _c04/03/1997
999 _c86034
_d86034